Die 100 Größten Musiker aller Zeiten (Rolling Stone) - Statistiken

Allgemein
  • Dieses Quiz wurde 1.043 mal gespielt
  • Das Durchschnittsergebnis liegt bei 12 aus 99
Antwortstatistiken
Hint Antwort % Korrekt
35 Michael Jackson
80%
1 The Beatles
80%
4 The Rolling Stones
76%
51 Queen
61%
3 Elvis Presley
56%
71 AC/DC
51%
48 Elton John
47%
60 Metallica
39%
30 Nirvana
38%
83 James Taylor
35%
82 Eminem
34%
14 Led Zeppelin
33%
50 Pink Floyd
26%
27 Prince
26%
37 John Lennon
23%
6 Jimi Hendrix
22%
91 Guns n’ Roses
20%
29 The Who
20%
2 Bob Dylan
19%
11 Bob Marley
19%
23 Bruce Springsteen
19%
62 Tina Turner
18%
85 Tupac Shakur
18%
22 U2
18%
38 David Bowie
17%
9 Aretha Franklin
15%
84 Black Sabbath
14%
40 The Doors
14%
69 The Police
14%
54 Eric Clapton
12%
87 Jay-Z
12%
15 Stevie Wonder
12%
12 The Beach Boys
11%
58 Aerosmith
10%
55 Dr. Dre
10%
31 Johnny Cash
10%
5 Chuck Berry
9%
45 Janis Joplin
9%
74 Eagles
8%
10 Ray Charles
8%
18 Marvin Gaye
7%
59 Sex Pistols
7%
39 Simon & Garfunkel
7%
13 Buddy Holly
6%
72 Radiohead
6%
26 Ramones
6%
96 R.E.M
6%
28 The Clash
6%
34 Neil Young
5%
46 Patti Smith
5%
64 The Kinks
5%
89 Carlos Santana
4%
73 Hank Williams
4%
7 James Brown
4%
94 Lynyrd Skynyrd
4%
66 Cream
3%
81 Creedence Clearwater Revival
3%
70 Frank Zappa
3%
8 Little Richard
3%
76 Beastie Boys
2%
24 Jerry Lee Lewis
2%
21 Otis Redding
2%
36 Roy Orbison
2%
47 Run-D.M.C.
2%
100 Talking Heads
2%
49 The Band
2%
90 Tom Petty
2%
41 Van Morrison
2%
65 Al Green
1%
92 Booker T. & the M.G.’s
1%
98 Carl Perkins
1%
97 Curtis Mayfield
1%
79 Elvis Costello
1%
25 Fats Domino
1%
56 Grateful Dead
1%
68 Jackie Wilson
1%
61 Joni Mitchell
1%
17 Muddy Waters
1%
93 Nine Inch Nails
1%
16 Sam Cooke
1%
44 The Byrds
1%
33 The Everly Brothers
1%
78 The Four Tops
1%
77 The Stooges
1%
95 The Supremes
1%
67 The Temptations
1%
19 The Velvet Underground
1%
88 The Yardbirds
1%
20 Bo Diddley
0%
86 Gram Parsons
0%
53 Howlin’ Wolf
0%
57 Parliament / Funkadelic
0%
63 Phil Spector
0%
43 Public Enemys
0%
42 Sly & the Family Stone
0%
32 Smokey Robinson & the Miracles
0%
52 The Allman Brothers Band
0%
80 The Drifters
0%
75 The Shirelles
0%
Keine übereinstimmenden Quizze gefunden
Verteilung der Resultate
Anzahl Personen mit jedem Resultat
Perzentil nach korrekt beantworteten Fragen
Ihre Resultats-Entwicklung
Sie haben dieses Quiz noch nicht gespielt